Antología [de Juan José Arreola] /

Zapisane w:
Opis bibliograficzny
1. autor: Arreola, Juan José (autor)
Kolejni autorzy: Agustín, José (selección) (selección)
Format: Książka
Język:hiszpański
Wydane: México : Joaquín Mortiz, 1998, c1998
Seria:(Obras de Juan José Arreola)
Hasła przedmiotowe:
Etykiety: Dodaj etykietę
Nie ma etykietki, Dołącz pierwszą etykiete!

MARC

LEADER 00000nam^a2200000^a^4500
001 000185799
005 20250521000000.0
009 20260310102205.437
020 |a 968-27-0756-0 
037 |a Acervo ITESO - Biblioteca 
041 |a ESP 
082 |a 863.  |b ARR 
100 |a Arreola, Juan José  |e (autor) 
245 1 0 |a Antología [de Juan José Arreola] /  |c J.J. Arreola ; selec. y pról. de J. Agustín. 
264 4 |a México :  |b Joaquín Mortiz,  |c 1998, c1998 
300 |a 134 p. 
336 |a texto  |b txt  |2 rdacontenido 
337 |a sin mediación  |b n  |2 rdamedio 
338 |a volumen  |b nc  |2 rdasoporte 
440 1 |a (Obras de Juan José Arreola) 
545 0 |a El jalisciense Juan José Arreola (Zapotlán el Grande 1918 - Guadalajar, 2001) es sin duda una figura clave para la literatura nacional, creador de un mundo narrativo de metáforas precisas y textos breves, que transita entre la realidad y la fantasía siempre aderezado por un peculiar sentido del humor. Personaje autodidacta, cursó estudios de teatro y filología en los años 40, período en el que también estuvo al frente de las revistas Pan y Eos. Fue reconocido con los premios Jalisco de Literatura (1953), Xavier Villaurrutia (1963), Nacional de Periodismo (1977), Nacional de Lingüística y Literatura (1979) y de Literatura Latinoamericana y del Caribe Juan Rulfo (1992), entre otros. Gunther Stapenhorst (1946) fue su primer libro, pero Arreola ya se había dado a conocer anteriormente como cuentista. Varia invención (1949), Cinco cuentos (1951), Confabulario (1952), La hora de todos (1954), Confabulario total (1962), La feria (1963), Cuentos (1969), Palindroma (1971), Mujeres, animales y fantasías mecánicas (1972), La palabra educación (1973), Y ahora la mujer: ensayos (1974), Inventario (1976), Mi confabulario (1979), Confabulario personal (1981), Tres cuentos (1982), Luz azul (1983) y Ramón López Velarde: el poeta, el revolucionario (1998) son algunas de sus obras. Además, sus grandes dotes para la narración oral convertían sus presentaciones en espectáculos gozosos e hicieron de él un destacado promotor de la lectura y de la difusión cultural. 
586 |a Premio de Literatura Latinoamericana y del Caribe Juan Rulfo 1992: Antologías 
586 |a Premio Nacional de Ciencias y Artes, categoría Lingüística y Literatura (30°: 1979): Antologías 
586 |a Premio Nacional de Ciencias y Artes, categoría Lingüística y Literatura (62°: 2011), ex aequo: Antologías 
649 |a XX 
650 |a Escritores Jaliscienses 
650 |a Escritores Mexicanos 
650 |a Cuentos Fantásticos -  |z Jalisco 
650 |a Cuentos Fantásticos -  |z México 
650 |a Cuentos Jaliscienses 
650 |a Cuentos Mexicanos 
650 |a Literatura Fantástica -  |z Jalisco 
650 |a Literatura Fantástica -  |z México 
650 |a Literatura Jalisciense -  |y Siglo XX 
650 |a Literatura Jalisciense -  |x Historia y Crítica 
650 |a Literatura Mexicana -  |y Siglo XX 
650 |a Literatura Mexicana -  |x Historia y Crítica 
650 |a Arreola, Juan José 
700 |a Agustín, José  |e (selección) 
910 |a Fondo General 
920 |a Impresos - Libros 
930 |a Colección General 
940 |a Literatura 
905 |a 101 
901 |a 0500127023  |b IT1  |c LIT  |u 20250521 
902 |a https://opac.biblio.iteso.mx/vufind/Record/000185799